000 00685nam a2200217Ii 4500
003 JO-AjNU
008 230605s9999||||xx |||||||||||||| ||und||
017 _a2007/11906
020 _a977-438-49-16
040 _aJO-AjNU
_bara
_erda
_cJO-AjNU
041 _aara
050 1 4 _aHD49.M836.2008
100 3 _aمهنا،محمد نصر,
_eauthor
_932151
245 0 0 _aادارة الازمات والكوارث
264 3 1 _aالقاهرة:المكتب الجامعي الحديث،2008
300 _a349ص
336 _atext
_btxt
_2rdacontent
337 _aunmediated
_bn
_2rdamedia
338 _avolume
_bnc
_2rdacarrier
650 4 _aادارة الازمات-الكوارث
_932152
999 _aA12946
_c16514
_d16514